000 00321nam a2200133 i 4500
001 bg
100 1 _aNIETYKSZA, B.
245 0 _aZasady kompensowania szkód z tytułu ryzyka /
_cB. Nietyksza.
260 _aWarszawa,
_c1971.
040 _cBPK
041 _apol
942 _cKS
008 s pl f |000 0 pol
999 _c5212
_d5212
856 _uhttp://koha.tu.koszalin.pl/cgi-bin/koha/opac-detail.pl?biblionumber=5212
_yKatalog online BPK